000 00572nam a22002417a 4500
003 UA-OsUOA
001 21353
007 ta
008 20031129b un ||||| |||| 00| 0 ukr d
090 _a336.71(031)
_bБ23
942 _cBK
040 _aUA-OsUOA
_bukr
_cUA-OsUOA
_dUA-OsUOA
245 _aБанівська енциклопедія
_cА.М.Мороз
300 _a340 с.
955 _a0
041 _aukr
080 _a336.71(031)
020 _a5-87272-013-0
260 _aКиїв
_bЕльтон
_c1993
044 _aUA
650 7 _2UDC
999 _c307548
_d307548